000
00309nam a2200145Ia 4500
100
_a
Hughes/Bob/ Cotterell
250
_a
3
942
_c
BK
654
_a
software
245
_a
Software Project Management
260
_b
Tata Mc Graw hill
_c
2002
082
_a
5.1
_b
HUG
300
_a
358
546
_a
ENGLISH
999
_c
31177
_d
31177